000 00397nam a2200157Ia 4500
008 210716s1995 xx 000 0 und d
020 _a0887307191
041 _aeng
082 _a658.4095 GLAW
100 _aGlasser, William.
245 _aControl theory manager.
250 _a1
260 _aNew York
_bHarper Collins Publishers
_c1995
300 _axiii,123
650 _aGeneral Management
999 _c203130
_d203130